Экология: учебник

Бібліографічні деталі
Автор: Потапов А. Д. Александр Дмитриевич
Резюме:В учебнике рассмотрены основные закономерности экологии как науки о взаимодействии живых организмов со средой их жизнеобитания. Изложены главные принципы геоэкологии как науки о главных жизнеобеспечивающих геосферах: атмосфере, литосфере, гидросфере и основных абиотических факторах, влияющих на качество окружающей среды. Приведены необходимые сведения из биологии, физиологии животных, растений, микроорганизмов. Рассмотрены современные проблемы взаимодействия человека с окружающей средой и главные тенденции развития человечества с экологических Позиций. Показаны причины и характер проявления различных антропогенных воздействий на природную среду, различные экосистемы, абиотические и биотические факторы среды. Рассмотрены главные подходы к формированию экологического строительства; оценены главные факторы, определяющие принятие проектных решений в различных геоэкологических обстановках. Приведены данные о конкретных экологически адекватных строительных проектах. Для студентов строительных и архитектурных вузов и факультетов. Может быть полезен преподавателям и специалистам-строителям.
Мова:Російська
Опубліковано: Москва, Инфра-М, 2016
Редагування:2-е изд., испр. и доп.
Серія:Высшее образование - Бакалавриат
Предмети:
Формат: Книга
KOHA link:https://koha.lib.tpu.ru/cgi-bin/koha/opac-detail.pl?biblionumber=314223

MARC

LEADER 00000nam0a2200000 4500
001 314223
005 20231102002644.0
010 |a 9785160104096 
035 |a (RuTPU)RU\TPU\book\339634 
035 |a RU\TPU\book\72398 
035 |a RU\TPU\book\88294 
090 |a 314223 
100 |a 20050928d2016 m y0rusy50 ca 
101 0 |a rus 
102 |a RU 
105 |a a j 001zy 
200 1 |a Экология  |e учебник  |f А. Д. Потапов 
205 |a 2-е изд., испр. и доп. 
210 |a Москва  |c Инфра-М  |d 2016 
215 |a 528 с.  |c ил. 
225 1 |a Высшее образование - Бакалавриат 
320 |a Библиогр.: с. 523-527. 
330 |a В учебнике рассмотрены основные закономерности экологии как науки о взаимодействии живых организмов со средой их жизнеобитания. Изложены главные принципы геоэкологии как науки о главных жизнеобеспечивающих геосферах: атмосфере, литосфере, гидросфере и основных абиотических факторах, влияющих на качество окружающей среды. Приведены необходимые сведения из биологии, физиологии животных, растений, микроорганизмов. Рассмотрены современные проблемы взаимодействия человека с окружающей средой и главные тенденции развития человечества с экологических Позиций. Показаны причины и характер проявления различных антропогенных воздействий на природную среду, различные экосистемы, абиотические и биотические факторы среды. Рассмотрены главные подходы к формированию экологического строительства; оценены главные факторы, определяющие принятие проектных решений в различных геоэкологических обстановках. Приведены данные о конкретных экологически адекватных строительных проектах. Для студентов строительных и архитектурных вузов и факультетов. Может быть полезен преподавателям и специалистам-строителям. 
606 1 |a Экология в целом  |2 stltpush  |3 (RuTPU)RU\TPU\subj\39023  |9 59264 
610 1 |a учебники 
610 1 |a окружающая среда 
610 1 |a гидросфера 
610 1 |a атмосфера 
610 1 |a биосфера 
610 1 |a организмы 
610 1 |a человек 
610 1 |a загрязнения 
610 1 |a воздействия 
610 1 |a природные ресурсы 
610 1 |a ноосфера 
610 1 |a экологические проблемы 
675 |a 504(075.8)  |v 3 
700 1 |a Потапов  |b А. Д.  |g Александр Дмитриевич 
801 1 |a RU  |b 63413507  |c 20160210 
801 2 |a RU  |b 63413507  |c 20160331  |g RCR 
900 |a Экология 
942 |c BK 
952 |l 8.1 
959 |a 12/20160128  |d 3  |e 999,90  |f ЧЗТЛ:1  |f УФ:2